000
00318nam a22001337a 4500
003
SGT
020
_a
978-81-932450-8-8
082
_a
617.3
_b
E17S
100
_a
SHARMA, JAYANT
245
_a
ESSENTIALS GUIDE FOR PRACTICAL ORTHOPAEDICS
260
_a
INDIAN
_b
INNOVATIVE PUB
_c
2017
300
_a
637
942
_2
ddc
_c
BK
999
_c
18227
_d
18227